000 01114nam a2200265 a 4500
001 81250
003 BD-RjUL
005 20241128120756.0
008 230220s2017 bg a|||| m||| 00| 0 eng d
035 _a(BD-RjUL)81250
040 _aBD-RjUL
_beng
_cBD-RjUL
_dBD-RjUL
041 _aeng
082 _a025.04
_bISS 2017
_223
100 _aIslam, Md. Nazmul
_97038
245 1 0 _aScientometric Analysis of Literature on Public Health Using Scopus Database /
_cMd. Nazmul Islam ;
_6Supervisor : Partha Biplob Roy, Co-Supervisor : Md. Shariful Islam
260 _aRajshahi :
_bDepartment of Information Science and Library Mangement, University of Rajshahi,
_c2017
300 _axviii, 205 Leaves :
_bill, ;
_c29 cm.
502 _aThesis (Ph. D.) -- Department of Information Science and Library Mangement, University of Rajshahi, 2017
504 _aReferences : Leaves 185-205
650 _aDatabase
_vScientometric
_97039
700 _aRoy, Partha Biplob, Supervisor
_97040
700 _aIslam, Md. Shariful, Co-Supervisor
_97041
856 _yhttp://rulrepository.ru.ac.bd/handle/123456789/808
942 _2ddc
_cTHE
999 _c81250
_d81250